| 000 | 00501nam a22001577a 4500 | ||
|---|---|---|---|
| 020 | _qHard Cover. | ||
| 082 | _a658.4 | ||
| 100 | _aZaheer, Jawad | ||
| 245 |
_aUfone-Strategizing 3G/2G Network Rollout for Success in Resource Constraint Environment _cJawad Zaheer. |
||
| 260 |
_aIslamabad: _bNBS-NUST, _c2017. |
||
| 300 |
_a45 p. : _bill. ; _c30cm. |
||
| 650 |
_aEMBA-Thesis. _917645 |
||
| 700 |
_aMommin Durrani _918693 |
||
| 942 |
_2ddc _cTHE |
||
| 999 |
_c532911 _d532911 |
||